Guess the mystery Bruno Mars song - Statistics

General Stats
  • This quiz has been taken 150 times
  • The average score is 151 of 273
Answer Stats
Answer % Correct
I
97%
a
92%
you
90%
the
86%
to
81%
me
77%
love
70%
of
68%
your
68%
out
67%
and
65%
like
65%
it
64%
in
63%
on
62%
for
61%
heaven
60%
feel
59%
locked
59%
my
59%
too
59%
oh,
58%
oh
58%
make
57%
yeah,
56%
yeah
56%
i'm
55%
i've
55%
just
54%
been
53%
can
53%
long,
51%
long
51%
is
50%
but
48%
heart
47%
'cause
45%
never
45%
sex
45%
had
43%
or
43%
put
43%
much
41%
paradise
41%
see
41%
takes
41%
up
41%
here?
40%
line
40%
time
39%
where
39%
spend
38%
stay
38%
wanna
38%
can't
36%
faith
35%
there
34%
miracles
33%
days
32%
every
32%
his
32%
night
32%
rest
32%
something
32%
light
30%
shows
30%
wait
30%
knees,
29%
spiritual
29%
open
28%
swimmin'
28%
bring
27%
testify
26%
ways
26%
change
24%
gates,
24%
water's
23%
sinner
22%
again
20%
right
17%
born
15%
whoa,
15%
No matching quizzes found
Score Distribution
Percent of People with Each Score
Percentile by Number Answered
Your Score History
You have not taken this quiz